| 000 | 00986nam a22001937a 4500 | ||
|---|---|---|---|
| 003 | JO-AjAnu | ||
| 005 | 20240908134453.0 | ||
| 008 | 240908b jo ||||| |||| 00| 0 ara d | ||
| 040 |
_aJO-AjAnu _cJO-AjAnu |
||
| 041 | _aARA | ||
| 100 | 1 |
_aخمايسة، محمد خليفة سرور _966159 _eمعد |
|
| 245 | 1 | 0 |
_aمرحلة المفاوضات التعاقدية والمسؤولية المدنية الناشئة عنها = The Stage of contractual Negotiations And it's Civil Responsibility / _cاعداد محمد خليفة سرور خمايسة ؛ إشراف عيسى الصمادي |
| 260 | _c2024 | ||
| 300 | _a136 ورقة | ||
| 500 | _aرسالة جامعية ( رسالة ماجستير ) - جامعة عجلون الوطنية (عجلون، الاردن)، كلية الآداب ، تخصص القانون، 2024. | ||
| 650 | 7 | 0 |
_aالعقود - قانون مدني- الاردن _966160 |
| 700 | 1 |
_aالصمادي، عيسى _966161 _eمشرف |
|
| 942 |
_2lcc _cTHS _n0 |
||
| 999 |
_c33658 _d33658 |
||